Car Logos World #1 - Statistics

General Stats
  • This quiz has been taken 199 times
  • The average score is 14 of 16
Answer Stats
Picture Answer % Correct
BMW
99%
Tesla
99%
Ferrari
96%
Mercedes
95%
Audi
94%
Volkswagen
94%
Lamborghini
93%
Nissan
93%
Bentley
92%
Ford
92%
Porsche
91%
Suzuki
89%
Volvo
86%
Peugeot
83%
Corvette
75%
Bugatti
69%
No matching quizzes found
Score Distribution
Percent of People with Each Score
Percentile by Number Answered
Your Score History
You have not taken this quiz